Hacia la consolidación y el replanteamiento de la acción social en la Universidad de Costa Rica
Gorde:
| Egile nagusia: | |
|---|---|
| Formatua: | Texto |
| Hizkuntza: | Spanish |
| Argitaratua: |
San Pedro de M. de O. :
Oficina de Publicaciones de la UCR,
1987
|
| Gaiak: | |
| Etiketak: |
Etiketa erantsi
Etiketarik gabe, Izan zaitez lehena erregistro honi etiketa jartzen!
|
MARC
| LEADER | 00000 a a2200000 04500 | ||
|---|---|---|---|
| 001 | 13209 | ||
| 003 | cru CIDCACS/IIS | ||
| 005 | 20201113132451.0 | ||
| 008 | 200108b ||||| |||| 00| 0 spa d | ||
| 999 | |c 15631 |d 15631 | ||
| 040 | |c cru CIDCACS/IIS | ||
| 090 | |a 06.04.05 U58h | ||
| 100 | |a Fonseca Zamora, Oscar M. | ||
| 245 | |a Hacia la consolidación y el replanteamiento de la acción social en la Universidad de Costa Rica | ||
| 260 | |a San Pedro de M. de O. : |b Oficina de Publicaciones de la UCR, |c 1987 | ||
| 300 | |a 63 p | ||
| 300 | |b **no definido** | ||
| 650 | |a UNIVERSIDAD DE COSTA RICA | ||
| 650 | |a SERVICIOS DE EXTENSION | ||
| 650 | |a PROYECTOS DE EDUCACION | ||
| 650 | |a SERVICIOS SOCIALES | ||
| 650 | |a DIAGNOSTICO | ||
| 650 | |a DOCENTES | ||
| 650 | |a TRABAJO COMUNAL UNIVERSITARIO. UCR | ||
| 650 | |a PROYECTOS DE DESARROLLO | ||
| 650 | |a DOCENTES | ||
| 650 | |a ARTE | ||
| 650 | |a POBLACION | ||
| 650 | |a ATENCION PRIMARIA DE LA SALUD | ||
| 650 | |a ARTES DEL ESPECTACULO | ||
| 650 | |a MAPAS | ||
| 942 | |2 ddc |c LI | ||
